| 000 | 00805nam a2200265 a 4500 | ||
|---|---|---|---|
| 001 | 000082213 | ||
| 005 | 20200120224710.0 | ||
| 008 | 161130s2016 ck ||||gr|||| 000 ||spa d | ||
| 020 | _a9789584250131 | ||
| 041 | 0 | _a/+spa | |
| 043 | _as-ck--- | ||
| 090 |
_aAC _bGONTe |
||
| 100 | 1 | _aGonzález, Tomás | |
| 245 | 1 | 3 |
_aEl expreso del sol / _cTomás González. |
| 250 | _a1a. ed. | ||
| 260 |
_aBogotá : _bPlaneta Clombiana, _c2016. |
||
| 300 | _a167 páginas. | ||
| 490 | 0 | _aSeix Barral. Biblioteca Breve | |
| 500 | _aEj. de la Biblioteca Madrid ISBN: 9789584254009. | ||
| 650 | 1 | 7 |
_aCuento adulto colombiana _2LEMB |
| 650 | 2 | 7 |
_aLiteratura adulta colombiana _2LEMB |
| 650 | 2 | 7 |
_aAmor en la literatura _2LEMB |
| 650 | 2 | 7 |
_aFamilia en la literatura _2LEMB |
| 650 | 2 | 7 |
_aDestino en la literatura _2LEMB |
| 999 |
_c10619 _d10619 |
||